000 00544nam a22001937a 4500
003 BD-ChCU
005 20260225113049.0
008 260225b nj ||||| |||| 00| 0 eng d
020 _a9780691058870
040 _cBD-ChCU
082 _223
_a410 A628h
100 _aAnthony, David A.
_920587
245 _aThe horse the wheel and language/
_cDavid A Anthony.
260 _aNew Jersy:
_bPrinceton Uni. press,
_c2007
300 _a553 P. :
504 _aIncludes.
650 0 _aIndo european Language ; Language.
_920588
942 _2ddc
_cBK
_n0
999 _c111743
_d111743